| 000 | 01151nam a22003017a 4500 | ||
|---|---|---|---|
| 003 | PE SENCICO BE | ||
| 005 | 20260305154333.0 | ||
| 008 | 260212b |||||||| |||| 00| 0 eng d | ||
| 020 | _a968-18-2818 | ||
| 040 |
_aPE SENCICO BE _cPE SENCICO BE |
||
| 041 | _aspa | ||
| 082 |
_a624.1834 _bI5D _c1989 |
||
| 110 | 1 |
_aInstituto Mexicano del Cemento y del Concreto _9192 _eautor |
|
| 245 | 1 |
_aDurabilidad del concreto / _cInstituto Mexicano del Cemento y del Concreto, José Juan Dávila, Isabel Guevara, ...[y otros] |
|
| 250 | _a4a ed,. | ||
| 260 |
_aMéxico. D. F. : _bLimusa ; _c1989 |
||
| 300 |
_a87 páginas : _c23 cm. |
||
| 505 | 0 | _aCongelamiento y deshielo -- Abrasión -- Corrosión del acero | |
| 520 | 3 | _aSe discuten con alguna profundidad las principales causas del deterioro del concreto y se proporcionan recomendaciones para prevenirlas. | |
| 650 | 1 | 0 |
_aConcreto _9309 |
| 650 | 1 | 0 |
_aCurado del concreto _9376 |
| 650 | 1 | 0 |
_aTecnología del concreto _9477 |
| 650 | 1 | 0 |
_aPUB IMCYC _9566 |
| 700 | 1 |
_aDávila, Juan José _9235 _eautor |
|
| 700 | 1 |
_aGuevara, Isabel _9236 _eautor |
|
| 910 | _ahfp | ||
| 942 |
_2ddc _cLIB |
||
| 999 |
_c9844 _d9844 |
||